[Event "Anapa"]
[Site "Anapa"]
[Date "1991.??.??"]
[Round "?"]
[White "Sher, Miron N"]
[Black "Varavin, Viktor"]
[Result "1/2-1/2"]
[WhiteElo "2450"]
[BlackElo "2455"]

1.c4 g6 2.e4 Bg7 3.d4 d6 4.Nc3 Nf6 5.Be2 O-O 6.Nf3 e5 7.O-O Nbd7 8.Qc2 exd4
9.Nxd4 Ng4 10.Qd1 Nc5 11.f3 Nh6 12.Be3 f5 13.exf5 Nxf5 14.Nxf5 Bxf5 15.Qd2 Qd7
16.Rad1 Rae8 17.Rfe1 Na4 18.Nxa4 Qxa4 19.b3 Qa3 20.Bf1 b6 21.h3 a5 22.Bd4 Bxd4+
23.Qxd4 Qc5 24.Qxc5 bxc5 25.Kf2 a4 26.Bd3 Rxe1 27.Kxe1 axb3 28.axb3 Rb8 29.g4 Be6  1/2-1/2

[Event "Anapa"]
[Site "Anapa"]
[Date "1991.??.??"]
[Round "?"]
[White "Knezevic, Milorad"]
[Black "Skalik, Przemyslaw"]
[Result "1-0"]
[WhiteElo "2390"]
[BlackElo "2400"]

1.d4 Nf6 2.Nf3 g6 3.c4 Bg7 4.Nc3 O-O 5.e4 d6 6.Be2 e5 7.dxe5 dxe5 8.Qxd8 Rxd8
9.Bg5 c6 10.Nxe5 Re8 11.O-O-O Na6 12.Rd6 Bf8 13.Rxf6 Rxe5 14.Bf4 Re8 15.Bd6 Kg7
16.e5 Bxd6 17.Rxd6 Rxe5 18.Rd2 Nc7 19.h4 Re7 20.f3 Ne8 21.Rd8 Nc7 22.Ne4 Re8
23.Rxe8 Nxe8  1-0

[Event "Andorra op"]
[Site "Andorra"]
[Date "1991.??.??"]
[Round "?"]
[White "Garcia Ilundain, David"]
[Black "Nunez, A."]
[Result "1-0"]
[WhiteElo "2325"]
[BlackElo "2205"]

1.d4 Nf6 2.Nf3 g6 3.c4 d6 4.Nc3 Nbd7 5.e4 e5 6.Be2 Bg7 7.O-O O-O 8.Qc2 c6
9.Rd1 exd4 10.Nxd4 Qe7 11.Bf4 Ne8 12.b4 a5 13.b5 Nc5 14.Bg3 Ne6 15.Nf3 Nc5
16.bxc6 bxc6 17.Nd4 Bd7 18.Rab1 f5 19.f3 Ne6 20.Nxe6 Bxe6 21.Kh1 fxe4 22.Nxe4 d5
23.cxd5 cxd5 24.Qc5 Qxc5 25.Nxc5 Bf5 26.Rb5 Nf6 27.Bc7 Rfe8 28.Bf1 a4 29.g4 Bc8
30.Rb6 Re3 31.Bg2 Re2 32.g5 Nd7 33.Nxd7 Bxd7 34.f4 Rxa2 35.Bxd5+ Kh8 36.Bxa2 Bg4
37.Rd3 Rc8 38.Rb8 Rxb8 39.Bxb8 h6 40.Rd8+  1-0

[Event "Andorra op"]
[Site "Andorra"]
[Date "1991.??.??"]
[Round "?"]
[White "Zlatilov, Ivailo"]
[Black "Calvo, Jesus Maria"]
[Result "1-0"]
[WhiteElo "2365"]
[BlackElo "2210"]

1.d4 Nf6 2.Nf3 g6 3.c4 Bg7 4.Nc3 O-O 5.e4 d6 6.Be2 Nbd7 7.O-O e5 8.Be3 c6
9.Ne1 exd4 10.Bxd4 Re8 11.f3 Bh6 12.Nc2 Nh5 13.g3 Nc5 14.Bxc5 dxc5 15.Qxd8 Rxd8
16.Rfd1 Be6 17.f4 Ng7 18.Kf2 Bh3 19.Rxd8+ Rxd8 20.Rd1 Rxd1 21.Nxd1 Bd7 22.Nc3 Ne6
23.e5 Bf8 24.Ne4 Kg7 25.Ke3 Be7 26.g4 Nc7 27.Ne1 Ne8 28.Nd3 b6 29.g5 Nc7
30.Nf6 Bf5 31.Bf3 Ne6 32.Be4 Nd4 33.Bxf5 gxf5 34.h4 Bd8 35.h5 h6 36.Ne8+ Kh7
37.Nd6 hxg5 38.Nxf7 gxf4+ 39.Nxf4 Bc7 40.Nh3 Ne6 41.Nhg5+ Nxg5 42.Nxg5+ Kh6
43.e6 f4+ 44.Kf3  1-0

[Event "Andorra op"]
[Site "Andorra"]
[Date "1991.??.??"]
[Round "?"]
[White "Zlatilov, Ivailo"]
[Black "Magerramov, Elmar"]
[Result "1/2-1/2"]
[WhiteElo "2365"]
[BlackElo "2525"]

1.Nf3 Nf6 2.c4 g6 3.Nc3 Bg7 4.e4 d6 5.d4 O-O 6.Be2 e5 7.O-O exd4 8.Nxd4 Re8
9.f3 Na6 10.Be3 c6 11.Qd2 Nc7 12.Rad1 Qe7 13.Bg5 Qf8 14.Kh1 h6 15.Be3 Be6
16.Bf4 Red8 17.Nxe6 Nxe6 18.Bxd6 Qe8 19.Qe3 Nh5 20.f4 Rxd6 21.Rxd6 Nhxf4
22.Rxf4 Nxf4 23.Qxf4 Be5 24.Qd2 Bxd6 25.Qxd6 Rd8 26.Qf4 Qd7 27.h3 Qd2 28.Qc7 Rd6
29.Nd5 cxd5 30.Qxd6 Qxe2 31.Qb8+ Kh7 32.exd5 Qxc4 33.Qxb7 Qc1+  1/2-1/2

[Event "JUG-Cup qual"]
[Site "Arandjelovac"]
[Date "1991.??.??"]
[Round "1"]
[White "Popovic, Djordje"]
[Black "Ristic, Nebojsa"]
[Result "1/2-1/2"]
[WhiteElo "2280"]
[BlackElo "2410"]

1.d4 Nf6 2.c4 g6 3.Nc3 Bg7 4.e4 d6 5.Nf3 O-O 6.Be2 e5 7.O-O exd4 8.Nxd4 Re8
9.f3 Nh5 10.Re1 c6 11.Bf1 Qb6 12.Be3 Be5 13.Qd2 Nd7 14.Rab1 a5 15.Ne6 Nc5
16.Na4 Qb4 17.Nexc5 Qxd2 18.Bxd2 dxc5 19.Nxc5 f5 20.Kh1 Bd4 21.Be3 Bxe3 22.Rxe3 b6
23.Na4 Rb8 24.Rd1 fxe4 25.Rxe4 Kf7 26.Rd6 Rxe4 27.fxe4 b5 28.cxb5 cxb5 29.Rb6 Rxb6
30.Nxb6 Be6 31.Bxb5 Bxa2 32.Bc4+ Bxc4 33.Nxc4 Nf6 34.e5 Nd7 35.Nxa5 Nxe5
36.b4 Ke6 37.b5 Kd6 38.Nb3 Kd5 39.b6 Kc6  1/2-1/2

[Event "JUG-Cup qual"]
[Site "Arandjelovac"]
[Date "1991.??.??"]
[Round "1"]
[White "Todorovic, Goran M"]
[Black "Paunovic, Dragan"]
[Result "1/2-1/2"]
[WhiteElo "2490"]
[BlackElo "2455"]

1.d4 Nf6 2.c4 g6 3.Nc3 Bg7 4.e4 d6 5.Nf3 O-O 6.Be2 e5 7.Be3 Nbd7 8.O-O c6
9.Qd2 Ng4 10.Bg5 f6 11.Bh4 Nh6 12.Rad1 Nf7 13.dxe5 dxe5 14.b4 Qe7 15.c5 Re8
16.Bc4 Nf8 17.Qd6 Bg4 18.Qxe7 Rxe7 19.Rd3 Ne6 20.h3 Bxf3 21.Bxe6 Rxe6 22.Rxf3 Rd8
23.Rd1 Kf8 24.Rxd8+ Nxd8 25.Kf1 Kf7 26.Rd3  1/2-1/2

[Event "JUG-Cup qual"]
[Site "Arandjelovac"]
[Date "1991.??.??"]
[Round "1"]
[White "Barlov, Dragan"]
[Black "Arsovic, Goran"]
[Result "1-0"]
[WhiteElo "2505"]
[BlackElo "2340"]

1.d4 Nf6 2.Nf3 g6 3.c4 Bg7 4.Nc3 O-O 5.e4 d6 6.Be2 e5 7.dxe5 dxe5 8.Qxd8 Rxd8
9.Bg5 Nbd7 10.O-O-O Rf8 11.Nd5 c6 12.Ne7+ Kh8 13.Be3 Re8 14.Nxc8 Raxc8 15.c5 Bf8
16.b4 b6 17.Ng5 Kg8 18.Bc4 Re7 19.cxb6 axb6 20.f3 b5 21.Be2 h6 22.Nh3 Ree8
23.a3 Rb8 24.Nf2 c5 25.Nd3 c4 26.Ne1 Nb6 27.Rd2 Nfd7 28.Nc2 Bg7 29.Rhd1 Nf8
30.Bxb6 Rxb6 31.Rd8 Rb8 32.Rxe8 Rxe8 33.a4 bxa4 34.Bxc4 Rc8 35.Ba2 Bf6 36.Kb2 Be7
37.Rd2 Bg5 38.Rd6 Ra8 39.g3 h5 40.Bd5 Ra7 41.b5 Be7 42.Ra6 Bc5 43.Nb4 Kg7
44.Ka2 Nd7 45.Bc6 Nb8 46.Rxa7 Bxa7 47.Ka3 Bb6 48.Kxa4 Kf8 49.Nd5 Bg1 50.h3 f5
51.Kb3 Bf2 52.g4 hxg4 53.hxg4 fxg4 54.fxg4 Kf7 55.Kc4 Ke6 56.Be8 g5 57.b6 Kd6
58.Kb5 Bd4 59.Nb4 Bf2 60.Bg6 Bg1 61.Bf5 Be3 62.Nd5 Bd4 63.Nc7 Bf2 64.Bc8 Bg1
65.Ne6 Nc6 66.Nxg5  1-0

[Event "JUG-Cup qual"]
[Site "Arandjelovac"]
[Date "1991.??.??"]
[Round "1"]
[White "Averkin, Orest N"]
[Black "Strikovic, Aleksa"]
[Result "1/2-1/2"]
[WhiteElo "2470"]
[BlackElo "2495"]

1.d4 Nf6 2.Nf3 g6 3.c4 Bg7 4.Nc3 O-O 5.e4 d6 6.Be2 e5 7.O-O Nbd7 8.Qc2 c6
9.Rd1 Qe7 10.d5 c5 11.Bg5 h6 12.Bh4 g5 13.Bg3 Nxe4 14.Nxe4 f5 15.Nfd2 fxe4
16.Bg4 Nf6 17.Bxc8 Raxc8 18.Nxe4 Qd7 19.Re1 g4 20.Bh4 Nxe4 21.Rxe4 Bf6 22.Bg3 h5
23.Qe2 Rf7 24.h3 Rg7 25.hxg4 hxg4 26.Rf1 Rg6 27.a3 Rf8 28.b4 b6 29.bxc5 bxc5
30.Rb1 Bg7 31.Rb3 Qf5 32.f3 gxf3 33.Rxf3 Qg5 34.Rxf8+ Bxf8 35.Be1 Bh6 36.Kh2 Qf5
37.g3 Bc1 38.a4 Rg7 39.Kg2 Bf4 40.Qf3 Qd7 41.Qb3 Qf5 42.Qf3 Qg6 43.Bf2 Rf7
44.Kf1 Bg5 45.Qg4 Kg7 46.Kg2 Rb7 47.Re2 Be7 48.Qc8 Rb3 49.Qd7 Qg5 50.Be3 Rxe3
51.Rxe3 Qxe3 52.Qxe7+ Kg8 53.Qe8+ Kg7 54.Qe7+ Kg8 55.Qd8+ Kg7 56.Qd7+ Kg8
57.Qxd6 Qe2+ 58.Kh3  1/2-1/2

[Event "JUG-Cup qual"]
[Site "Arandjelovac"]
[Date "1991.??.??"]
[Round "2"]
[White "Peric, S."]
[Black "Sorgic, Dragan"]
[Result "1-0"]
[WhiteElo "2310"]
[BlackElo "2285"]

1.d4 Nf6 2.c4 g6 3.Nc3 Bg7 4.e4 d6 5.Nf3 O-O 6.Be2 e5 7.dxe5 dxe5 8.Qxd8 Rxd8
9.Nd5 Rd7 10.Nxe5 Nxd5 11.Nxd7 Nb4 12.Nxb8 Nc2+ 13.Kd1 Nxa1 14.Bf4 Bxb2 15.Bxc7 a5
16.Kd2 a4 17.f4 Be6 18.Be5 Bxe5 19.fxe5 Rxb8 20.Rxa1 Bd7 21.Ke3 Bc6 22.Bd3 Re8
23.Kf4 h6 24.h4 Rd8 25.Rd1 Kf8 26.Bc2 Rxd1 27.Bxd1 b6 28.Ke3 Ke7 29.Kd4 Ke6
30.a3 Ke7 31.Bg4 Bb7 32.g3 h5 33.Bd1 Bc6 34.Bc2 Ke6 35.c5 bxc5+ 36.Kxc5 Kd7
37.Kd4 Bb5 38.Bb1 Be2 39.Ba2 Ke7 40.Bd5 Bd1 41.Ke3 Bg4 42.Kf4 Bd7 43.Kg5 Be8
44.Kh6 f6 45.Kg7 fxe5 46.Bc4 Bc6 47.Bd3 Be8 48.Bc2 Ke6 49.Bb1 Ke7 50.Bd3 Ke6
51.Bc4+ Ke7 52.Bd5 Bd7 53.Bf7 Bg4 54.Bxg6 Bf3 55.Kh6 Kf6 56.Bxh5 Bxe4 57.g4 Ke7
58.g5 Bd5 59.Kg7 Bc4 60.Bg6  1-0

[Event "JUG-Cup qual"]
[Site "Arandjelovac"]
[Date "1991.??.??"]
[Round "3"]
[White "Gligoric, Svetozar"]
[Black "Lazic, Dragoljub"]
[Result "1-0"]
[WhiteElo "2455"]
[BlackElo "2375"]

1.d4 Nf6 2.c4 g6 3.Nc3 Bg7 4.e4 d6 5.Nf3 O-O 6.Be2 e5 7.Be3 c6 8.d5 Ng4 9.Bg5 f6
10.Bh4 Na6 11.Nd2 Nh6 12.a3 Nf7 13.b4 c5 14.Rb1 b6 15.Bg4 Bxg4 16.Qxg4 Nc7
17.Qe2 Qd7 18.f3 f5 19.O-O Ne8 20.Rb3 Bf6 21.Bf2 Bg5 22.Rfb1 Nd8 23.bxc5 bxc5
24.Nf1 Nc7 25.Qb2 Na6 26.Qc2 Rc8 27.R3b2 Nc7 28.Qa4 Qxa4 29.Nxa4 fxe4 30.fxe4 Ne8
31.Nc3 Nf6 32.Be3 Bxe3+ 33.Nxe3 Nf7 34.Nf1 Rc7 35.Nd2 Nd7 36.a4 a6 37.a5 Kg7
38.Rb7 Rfc8 39.Kf2 Nd8 40.R7b2 Nf7 41.Ke2 Kf8 42.Na4 Ke7 43.Kd3 Ra8 44.Nf3 Raa7
45.Nb6 Nf6 46.Rf1 Nh5 47.Rbf2 Ke8 48.g3 Rab7 49.Nd2 Kf8 50.Nb1 Kg7 51.Nc3 Ra7
52.Kc2 Nh6 53.Kb3 Ng4 54.Re2 Rf7 55.Rxf7+ Rxf7 56.Nb5 axb5 57.cxb5 Nf2 58.Nc4 Rf3+
59.Re3 Rf8 60.b6 Nd1 61.Rd3 Nf2 62.Re3  1-0

[Event "ARG-ch sf"]
[Site "?"]
[Date "1991.??.??"]
[Round "7"]
[White "Fernandez, Juan Luis"]
[Black "Rubinetti, Jorge A"]
[Result "0-1"]
[WhiteElo "2315"]
[BlackElo "2440"]

1.d4 Nf6 2.Nf3 g6 3.c4 Bg7 4.Nc3 O-O 5.e4 d6 6.Be2 e5 7.O-O Na6 8.dxe5 dxe5
9.Bg5 Qe8 10.Nd5 Nxe4 11.c5 Nxg5 12.Nxg5 Qd8 13.Ne4 f5 14.Qb3 Kh8 15.Bxa6 bxa6
16.Nec3 c6 17.Nb4 a5 18.Rad1 Qc7 19.Nd3 Rb8 20.Qc2 Ba6 21.Rfe1 e4 22.Nc1 Qe5  0-1

[Event "Athens"]
[Site "Athens"]
[Date "1991.??.??"]
[Round "1"]
[White "Vragoteris, Antonios"]
[Black "Georgiev, Krum"]
[Result "1/2-1/2"]
[WhiteElo "2350"]
[BlackElo "2480"]

1.d4 Nf6 2.c4 g6 3.Nc3 Bg7 4.e4 O-O 5.Nf3 d6 6.Be2 e5 7.Be3 Ng4 8.Bg5 f6
9.Bh4 Qe8 10.h3 Nh6 11.O-O Kh8 12.d5 f5 13.Nd2 a5 14.a3 a4 15.f3  1/2-1/2

[Event "Augsburg"]
[Site "Augsburg"]
[Date "1991.??.??"]
[Round "5"]
[White "Zlochevskij, Alexander"]
[Black "Schulz, Karsten"]
[Result "1/2-1/2"]
[WhiteElo "2440"]
[BlackElo "2375"]

1.Nf3 Nf6 2.c4 g6 3.Nc3 Bg7 4.e4 d6 5.d4 O-O 6.Be2 Nbd7 7.O-O e5 8.d5 Nc5
9.Qc2 a5 10.Bg5 h6 11.Bh4 g5 12.Bg3 Nh5 13.Nd2 Nf4 14.f3 f5 15.Bf2  1/2-1/2

[Event "AUT-chT playoff"]
[Site "?"]
[Date "1991.??.??"]
[Round "?"]
[White "Wohlfahrt, Herbert J"]
[Black "Fischler, Wolfgang"]
[Result "1-0"]
[WhiteElo "2250"]
[BlackElo "2380"]

1.d4 Nf6 2.Nf3 g6 3.c4 Bg7 4.Nc3 d6 5.e4 O-O 6.Be2 e5 7.O-O Na6 8.d5 Nc5
9.Qc2 a5 10.Bg5 Bd7 11.Nd2 Qe8 12.b3 h6 13.Bh4 Nh7 14.f3 h5 15.Rab1 Bh6 16.Bf2 b6
17.Rfd1 f5 18.a3 a4 19.b4 Bxd2 20.Qxd2 Nb3 21.Qd3 Nf6 22.Re1 Qf7 23.Bd1 fxe4
24.fxe4 Nxd5 25.Bg3 Nxc3 26.Qxc3 Nd4 27.Be2 Be6 28.Bd3 Qe7 29.Bf2 c5 30.Be3 Kh7
31.b5 Qh4 32.Rf1 Rxf1+ 33.Rxf1 Ra7 34.Qd2 Rf7 35.Rxf7+ Bxf7 36.Qf2 Qe7 37.Bg5 Qe6
38.Qf6 Qxf6 39.Bxf6 Be6 40.Bd8 Nb3 41.Bxb6 Nd2 42.Bc7 Nxc4 43.b6 Na5 44.Ba6 c4
45.b7 Nc6 46.b8=Q Nxb8 47.Bxb8 c3 48.Ba7 d5 49.exd5 Bxd5 50.Be3 Kg7  1-0

[Event "AUT-chT"]
[Site "?"]
[Date "1991.??.??"]
[Round "?"]
[White "Kaspret, Guido"]
[Black "Fischler, Wolfgang"]
[Result "1/2-1/2"]
[WhiteElo "2310"]
[BlackElo "2380"]

1.c4 Nf6 2.Nc3 g6 3.e4 d6 4.d4 Bg7 5.Nf3 O-O 6.Be2 e5 7.O-O Na6 8.Be3 Ng4
9.Bg5 Qe8 10.dxe5 h6 11.Bc1 dxe5 12.Ne1 Nf6 13.Nd3 Nd7 14.b4 c6 15.Ba3 Nc7
16.b5 Ne6 17.Bxf8 Qxf8 18.bxc6 bxc6 19.Re1 a5 20.c5 Nd4 21.Na4 Ba6 22.Bf1 Qe7
23.Rc1 Bb5 24.Nb6 Rd8 25.Nxd7 Rxd7 26.a4 Bxd3 27.Qxd3 Rb7 28.Rb1 Bf8 29.Rxb7 Qxb7
30.Rb1 Qa7 31.Qc4 Bxc5 32.Rb2 Kg7 33.h3 Ne6 34.Qb3 Bd4 35.Rc2 Nc5 36.Rxc5 Qxc5
37.Qa2 Qc1 38.g3 Qe1 39.Qc2 h5 40.h4 Qb4 41.Kg2 Qa3 42.Ba6 Qb4 43.Bc8 Bc3
44.Bd7 Qc4 45.Bc8 Kf6 46.Kg1 Ke7 47.Bh3 Kd6 48.Bf1 Qd4 49.Qa2 Ke7 50.Qc4 Be1
51.Qxd4 exd4 52.Bc4 f6 53.Kf1 Bb4 54.f4 Kf8 55.Ke2 Kg7 56.Ba6 g5 57.Bb7 Bd6
58.hxg5 fxg5 59.e5 Bc7 60.Bxc6 h4  1/2-1/2

[Event "AUT-chT"]
[Site "?"]
[Date "1991.??.??"]
[Round "?"]
[White "Fauland, Alexander"]
[Black "Schuh, Franz"]
[Result "1-0"]
[WhiteElo "2470"]
[BlackElo "2355"]

1.d4 Nf6 2.Nf3 g6 3.c4 Bg7 4.Nc3 O-O 5.e4 d6 6.Be2 e5 7.Be3 Ng4 8.Bg5 f6
9.Bh4 Nd7 10.h3 Nh6 11.g4 Nf7 12.Qc2 c6 13.Rd1 Qe7 14.b4 Re8 15.d5 c5 16.a3 Bh6
17.Nd2 Bxd2+ 18.Qxd2 b6 19.Nb5 Nf8 20.bxc5 bxc5 21.Qa5 g5 22.Bg3 Qd8 23.Qxd8 Rxd8
24.Rb1 a6 25.Nc3 Bd7 26.Kd2 Rdb8 27.Rhc1 Ng6 28.f3 Kf8 29.Be1 Ke8 30.Bd1 Ne7
31.Ke3 Nc8 32.Na4 Ke7 33.Ba5 h6 34.Nc3 Nd8 35.Ne2 Rxb1 36.Rxb1 Ra7 37.Ng3 Nb7
38.Be1 Nd8 39.Ba5 Nb7 40.Bc7 Nd8 41.Bxd8+ Kxd8 42.Nh5 Ke7 43.Rb8 Rc7 44.Kf2 Kf7
45.Kg3 Kg6 46.h4 Kf7 47.Kh3 Kg6 48.Ng3 Kf7 49.Nf5 Bxf5 50.gxf5 Ke7 51.Ba4 Kf7
52.Kg4 Kg7 53.Bc6 Na7 54.Bb7 a5 55.Ba6 Kf7 56.Rh8 Rd7 57.Rh7+ Ke8 58.Rxd7 Kxd7
59.hxg5 hxg5 60.Kh5 Kc7 61.Kg6 Kb6 62.Kxf6 Kxa6 63.Ke6  1-0

[Event "URS-chT"]
[Site "Azov"]
[Date "1991.??.??"]
[Round "?"]
[White "Neverov, Valeriy"]
[Black "Sokolin, Leonid M"]
[Result "1-0"]
[WhiteElo "2540"]
[BlackElo "2420"]

1.d4 Nf6 2.c4 g6 3.Nc3 Bg7 4.e4 d6 5.Nf3 O-O 6.Be2 e5 7.O-O exd4 8.Nxd4 Re8
9.f3 c6 10.Kh1 Na6 11.Be3 Nc7 12.Qd2 d5 13.cxd5 cxd5 14.Ndb5 Nxb5 15.Bxb5 Bd7
16.Bxd7 Qxd7 17.exd5 b5 18.Bd4 a5 19.Rac1 Ra6 20.Bxf6 Bxf6 21.Ne4 Qd8 22.d6 Rxe4
23.fxe4 Rxd6 24.Qe2 Re6 25.Qxb5 Kg7 26.Rcd1 Qa8 27.Qd5 Qa6 28.b3 Qb6 29.Rd3 h5
30.h3 Be5 31.Qd7 Rf6 32.Rxf6 Bxf6 33.Rf3 Qc5 34.Rf1 Qe5 35.Qd3 Qb2 36.Qf3 Qe5
37.a3 Qe7 38.b4 axb4 39.axb4 Be5 40.Qb3 Bd6 41.Qc3+ Be5 42.Qb3 Qd7  1-0

[Event "URS-chT"]
[Site "Azov"]
[Date "1991.??.??"]
[Round "?"]
[White "Ikonnikov, Vyacheslav"]
[Black "Komliakov, Viktor"]
[Result "1/2-1/2"]
[WhiteElo "2480"]
[BlackElo "2425"]

1.d4 d6 2.Nf3 g6 3.c4 Nf6 4.Nc3 Nbd7 5.e4 e5 6.Be2 Bg7 7.O-O O-O 8.Qc2 Re8
9.d5 Nh5 10.g3 Bf8 11.Ne1 Ng7 12.Nd3 f5 13.f3 Be7 14.Kg2 Bg5 15.Bxg5 Qxg5
16.Nb5 Qd8 17.c5 a6 18.Na3 Nf6 19.Nf2 Rf8 20.Rac1 Nge8 21.Nc4 Qe7 22.b4 Nd7
23.Na5 Ndf6 24.Qd2 b6 25.Nc6 Qd7 26.Rc3 Ng7 27.Qe3 Ngh5 28.Rfc1 f4 29.Qd2 fxg3
30.hxg3 Nxg3 31.Kxg3 Nh5+ 32.Kg2 Nf4+ 33.Kf1 Qf7 34.Ke1 h5 35.Kd1 h4 36.Kc2 a5
37.cxd6 axb4 38.Nxb4 cxd6 39.Kb2 h3 40.Nbd3 Qa7 41.a3 b5 42.Nxf4 b4 43.Rb3 Rxf4
44.Qe3 bxa3+ 45.Ka2 Qxe3 46.Rxe3 h2 47.Rxa3 Rxa3+ 48.Kxa3 Bd7 49.Rh1 Rh4
50.Bf1 Kg7 51.Bh3 Bb5 52.Kb4 Be2 53.Bg4 Kf6 54.Kc3 Rh7 55.Kd2 Bb5 56.Rb1 Ra7
57.Rxb5 Ra2+ 58.Ke3 Rxf2 59.Rb1 Rb2 60.Rh1 Kg5 61.Be6 Kh4 62.f4 Kg3  1/2-1/2

[Event "URS-chT"]
[Site "Azov"]
[Date "1991.??.??"]
[Round "?"]
[White "Guseinov, Aidyn"]
[Black "Glek, Igor V"]
[Result "1-0"]
[WhiteElo "2375"]
[BlackElo "2530"]

1.d4 Nf6 2.c4 g6 3.Nc3 Bg7 4.e4 d6 5.Be2 O-O 6.Nf3 e5 7.O-O Na6 8.Rb1 exd4
9.Nxd4 Re8 10.f3 c6 11.b4 Nh5 12.Be3 Nc7 13.Qd2 f5 14.exf5 gxf5 15.Bd3 Qf6
16.Nde2 f4 17.Bd4 Qh6 18.Bxg7 Qxg7 19.Ne4 d5 20.Nd6 Rd8 21.c5 Rf8 22.Rf2 Kh8
23.Re1 b6 24.Bc2 bxc5 25.bxc5 Ne6 26.Bf5 Ng5 27.Nd4 Ba6 28.Bg4 Ng3 29.hxg3 fxg3
30.Rfe2 Bxe2 31.Rxe2 Qh6 32.Qe3 Rab8 33.Qe5+ Kg8 34.Qxg3 Rb1+ 35.Kf2 Qf6
36.Be6+ Kh8 37.Qe5 Ne4+ 38.Rxe4  1-0

[Event "URS-chT"]
[Site "Azov"]
[Date "1991.??.??"]
[Round "?"]
[White "Eingorn, Vereslav S"]
[Black "Dydyshko, Viacheslav"]
[Result "1/2-1/2"]
[WhiteElo "2585"]
[BlackElo "2500"]

1.d4 Nf6 2.Nf3 g6 3.c4 Bg7 4.Nc3 O-O 5.e4 d6 6.Be2 e5 7.O-O Na6 8.Re1 c6
9.Bf1 exd4 10.Nxd4 Ng4 11.h3 Qb6 12.hxg4 Qxd4 13.g5 Qe5 14.Be3 Nc5 15.f4 Qe7
16.Bxc5 dxc5 17.e5 h6 18.gxh6 Bxh6 19.g3 f6 20.Qc2 Bf5 21.Bd3 Bxd3 22.Qxd3 f5
23.Rad1 Rfd8 24.Qc2 Rxd1 25.Rxd1 Rd8 26.Kg2 Rxd1 27.Qxd1 Bf8 28.Qd3 Qe6 29.Nd1 Kf7
30.Ne3 Ke8 31.g4 fxg4 32.Kg3 g5 33.Nxg4 gxf4+ 34.Kxf4 Bh6+ 35.Kf3 Bg5 36.Kg3 Qf7
37.Qe4 Ke7 38.b3 Ke6 39.Qd3 Bf4+ 40.Kg2 Bxe5 41.Qd8 Qg6 42.Qc8+ Ke7 43.Kf3 Qd3+
44.Ne3 Bd4 45.Qxb7+ Kd8 46.Qb8+ Kd7 47.Qb7+  1/2-1/2

[Event "URS-chT"]
[Site "Azov"]
[Date "1991.??.??"]
[Round "?"]
[White "Ilinsky, Vladimir"]
[Black "Titov, German"]
[Result "1/2-1/2"]
[WhiteElo "2350"]
[BlackElo "2505"]

1.d4 Nf6 2.Nf3 g6 3.c4 Bg7 4.Nc3 O-O 5.e4 d6 6.Be2 e5 7.d5 a5 8.O-O Na6 9.Re1 Nc5
10.Bf1 Bd7 11.g3  1/2-1/2

[Event "Bad Lauterberg"]
[Site "Bad Lauterberg"]
[Date "1991.??.??"]
[Round "?"]
[White "Gruenberg, Hans Ulrich"]
[Black "Knaak, Rainer"]
[Result "0-1"]
[WhiteElo "2530"]
[BlackElo "2535"]

1.d4 Nf6 2.c4 d6 3.Nc3 Nbd7 4.e4 e5 5.Nf3 g6 6.Be2 Bg7 7.O-O O-O 8.Be3 c6
9.d5 c5 10.Ne1 Ne8 11.g4 f5 12.exf5 gxf5 13.gxf5 Nb6 14.Bd3 Bxf5 15.Ng2 Qd7
16.Rc1 Nf6 17.Qc2 Bxd3 18.Qxd3 Qh3 19.f3 Rf7 20.Ne4 Nxe4 21.fxe4 Raf8 22.Qe2 Rxf1+
23.Rxf1 Rxf1+ 24.Kxf1 Nd7 25.Kg1 Nf8 26.Bf2 Ng6 27.Ne3 Nf4 28.Qg4 Qxg4+ 29.Nxg4 Nd3
30.b3 Nc1 31.Ne3 Nxa2 32.Nf5 Bf8 33.Be3 Nc3 34.Bxc5 dxc5 35.d6 Kf7  0-1

[Event "Bad Lauterberg"]
[Site "Bad Lauterberg"]
[Date "1991.??.??"]
[Round "?"]
[White "Soffer, Ram"]
[Black "Vogt, Lothar"]
[Result "0-1"]
[WhiteElo "2450"]
[BlackElo "2510"]

1.c4 g6 2.d4 Nf6 3.Nc3 Bg7 4.e4 d6 5.Nf3 O-O 6.Be2 e5 7.O-O Nbd7 8.Qc2 Nh5
9.dxe5 dxe5 10.g3 c6 11.Bg5 Nhf6 12.b4 Qe7 13.c5 Re8 14.Na4 Nf8 15.Nb2 Bg4
16.Nh4 Bxe2 17.Qxe2 Ne6 18.Nf3 b6 19.cxb6 axb6 20.a3 Nd4 21.Nxd4 exd4 22.f3 c5
23.b5 Qe6 24.Bxf6 Bxf6 25.Qd3 h5 26.a4 h4 27.Nc4 hxg3 28.hxg3 Kg7 29.Rf2 Be5
30.Rg2 Bc7 31.Kf2 Rh8 32.f4 f6 33.Nd2 Rh3 34.Qc4 Qd6 35.Nf3 Rd8 36.e5 Qd5
37.exf6+ Kxf6 38.Rc1 Bxf4 39.Qxd5 Be3+ 40.Ke2 Rxd5 41.Rc4 Ke6 42.a5 bxa5
43.Ra4 Rd6 44.Rxa5 Kd5 45.Ne1 Rb6 46.Kf3 Rh8 47.Nd3 Rf8+ 48.Kg4 c4 49.Nb4+ Ke4
50.Rh2 Rf5  0-1

[Event "GER-ch"]
[Site "Bad Neuenahr"]
[Date "1991.??.??"]
[Round "7"]
[White "Serrer, Christoph"]
[Black "Schaefer, Markus"]
[Result "1/2-1/2"]
[WhiteElo "2305"]
[BlackElo "2400"]

1.Nf3 Nf6 2.c4 g6 3.Nc3 Bg7 4.e4 d6 5.d4 O-O 6.Be2 Na6 7.O-O e5 8.d5 Nc5
9.Qc2 a5 10.Bg5 h6 11.Bh4 g5 12.Bg3 Nh5 13.Nd2 Nf4 14.f3 Bd7 15.b3 Qf6 16.a3 Qg6
17.b4 Na6 18.Rab1 axb4 19.axb4 f5 20.Bd3 Nxd3 21.Qxd3 f4 22.Bf2 b6 23.Rfc1 h5
24.h3 g4 25.hxg4 hxg4 26.Kf1  1/2-1/2

[Event "GER-ch"]
[Site "Bad Neuenahr"]
[Date "1991.??.??"]
[Round "8"]
[White "Lutz, Christopher"]
[Black "Poldauf, Dirk"]
[Result "1/2-1/2"]
[WhiteElo "2500"]
[BlackElo "2355"]

1.d4 Nf6 2.c4 g6 3.Nc3 Bg7 4.e4 d6 5.Nf3 O-O 6.Be2 e5 7.O-O Na6 8.Re1 c6
9.Bg5 h6 10.Bh4 Qe8 11.dxe5 dxe5 12.Qd6 Qe6 13.Qa3 Re8 14.c5 Nc7 15.Rad1 Qe7
16.Rd6 g5 17.Bg3 Nd7 18.Bc4 Nf8 19.Red1 Bg4 20.Be2 Bxf3 21.Bxf3 Nce6 22.R1d2 Nd4
23.Bg4 Nfe6 24.f3 b6 25.Bxe6 fxe6 26.Ne2 Nb5 27.Qb3 Nxd6 28.cxd6 Qf6 29.Qc4 c5
30.d7 Red8 31.Qb5 Qe7 32.Nc3 a6 33.Qxb6 Rxd7 34.Rxd7 Qxd7 35.Qxc5 Rc8 36.Qe3 Bf8
37.Kf1 Bc5 38.Qe2 Qd4 39.Bf2 Qxf2+ 40.Qxf2 Bxf2 41.Kxf2 Rb8 42.Na4 Kf7 43.Ke3 Ke7
44.b3 h5 45.Nb2 Rd8 46.Nd3 Rc8 47.Kd2 Kd6 48.h3 Rg8 49.Nb2 Kc5 50.Kc3 g4
51.hxg4 hxg4 52.b4+ Kc6 53.Nc4 g3 54.Nxe5+ Kb5 55.Kb3 Rh8 56.a4+ Kb6 57.Kc3 Rh1
58.Kd4 Ra1 59.Nc4+ Kc6 60.b5+ axb5 61.axb5+ Kxb5 62.Ne3 Ra4+ 63.Ke5 Ra3 64.Nc2  1/2-1/2

[Event "GER-ch"]
[Site "Bad Neuenahr"]
[Date "1991.??.??"]
[Round "9"]
[White "Serrer, Christoph"]
[Black "Schoene, Ralf"]
[Result "0-1"]
[WhiteElo "2305"]
[BlackElo "2350"]

1.Nf3 Nf6 2.c4 g6 3.Nc3 Bg7 4.e4 d6 5.d4 O-O 6.Be2 e5 7.dxe5 dxe5 8.Qxd8 Rxd8
9.Bg5 Nbd7 10.O-O-O Rf8 11.Nd2 Nc5 12.b4 Ne6 13.Be3 a5 14.a3 Nd4 15.f3 axb4
16.axb4 Ra3 17.Bxd4 exd4 18.Nb5 Ra4 19.Nxc7 Rxb4 20.Kc2 Bd7 21.Rb1 Ba4+ 22.Kc1 Rxb1+
23.Kxb1 Rc8 24.Nd5 Nxd5 25.exd5 b5 26.f4 bxc4 27.Bxc4 d3 28.Bxd3 Rc3 29.Be4 f5
30.Rc1 Bb5 31.Rxc3 Bxc3 32.Bxf5 Bxd2 33.Be6+ Kf8 34.g3 Bd3+ 35.Kb2 Ke7 36.Bg8 h6
37.Kb3 Kd6 38.Be6 Be1 39.Bf7 Kc5 40.Be6 Ba5 41.Bf7 Be4 42.Kb2 Be1 43.Kc1 Bb4
44.Kd1 Bd3 45.Be6 Kd4 46.Bg8 Ke3 47.Bf7 Kf3 48.d6 Bxd6 49.Kd2 Bb1 50.Bd5+ Be4
51.Bf7 Bb4+ 52.Kd1 Bc5 53.h4 h5  0-1

[Event "GER-ch"]
[Site "Bad Neuenahr"]
[Date "1991.??.??"]
[Round "12"]
[White "Serrer, Christoph"]
[Black "Poldauf, Dirk"]
[Result "1/2-1/2"]
[WhiteElo "2305"]
[BlackElo "2355"]

1.Nf3 Nf6 2.c4 g6 3.Nc3 Bg7 4.e4 d6 5.d4 O-O 6.Be2 Nbd7 7.O-O e5 8.Re1 h6
9.Qc2 Nh7 10.dxe5 dxe5 11.Be3 Re8 12.Rad1 c6 13.c5 Qe7 14.Rd6 Ndf8 15.h3 Ne6
16.Bc4 Kh8 17.Red1 Rf8 18.b4  1/2-1/2

[Event "Bad Woerishofen op"]
[Site "Bad Woerishofen"]
[Date "1991.??.??"]
[Round "4"]
[White "Reich, Thomas"]
[Black "Riemersma, Liafbern"]
[Result "0-1"]
[WhiteElo "2410"]
[BlackElo "2415"]

1.c4 Nf6 2.Nf3 g6 3.Nc3 Bg7 4.e4 O-O 5.d4 d6 6.Be2 e5 7.d5 a5 8.Bg5 Na6 9.Nd2 h6
10.Bh4 Qe8 11.b3 Nh7 12.a3 Bd7 13.Ra2 h5 14.f3 f5 15.Bf2 Qe7 16.Qb1 Qg5 17.Rg1 Bh6
18.b4 axb4 19.axb4 c5 20.dxc6 bxc6 21.h4 Qf6 22.c5 Nc7 23.Nc4 Rxa2 24.Qxa2 Be6
25.Qa7 Nb5 26.Nxb5 cxb5 27.Nxd6 fxe4 28.Nxe4 Qf4 29.Qa1 Nf6 30.g3 Qf5 31.Nxf6+ Rxf6
32.Qa8+ Rf8 33.Qe4 Qf7 34.Bxb5 Bd5 35.Qxe5 Bg7 36.Qf4 Qb7 37.Qd2 Rxf3 38.Ba6 Qf7
39.Bb5 Qe6+ 40.Be2  0-1

[Event "Baden-Baden op"]
[Site "Baden-Baden"]
[Date "1991.??.??"]
[Round "3"]
[White "Giorgadze, Giorgi"]
[Black "Winterstein, Wolfgang"]
[Result "1-0"]
[WhiteElo "2515"]
[BlackElo "2300"]

1.d4 Nf6 2.c4 g6 3.Nc3 Bg7 4.e4 d6 5.Nf3 O-O 6.Be2 e5 7.Be3 c6 8.O-O exd4
9.Bxd4 Re8 10.Qc2 Qe7 11.Rfe1 c5 12.Nd5 Qd8 13.Bxf6 Bxf6 14.Nxf6+ Qxf6 15.h3 Nc6
16.Rad1 Ne5 17.Qb3 b6 18.Nd2 Bb7 19.Qc3 Rad8 20.Bf1 Nd7 21.Qxf6 Nxf6 22.f3 Nh5
23.Nb1 Bc6 24.Nc3 Nf4 25.Kf2 Ne6 26.Rd2 Nd4 27.Ne2 Nxe2 28.Bxe2 Kf8 29.h4 f6
30.Bd3 Ke7 31.g4 h6 32.Kg3 g5 33.Rh1 Ke6 34.hxg5 hxg5 35.e5 Rh8 36.Bf5+ Kf7
37.Rxh8 Rxh8 38.Rxd6 Ba4 39.Rxf6+ Ke7 40.Rg6 Rh1 41.Rxg5 Bc6 42.Rg6  1-0

[Event "Baden-Baden op"]
[Site "Baden-Baden"]
[Date "1991.??.??"]
[Round "4"]
[White "Timmer, Robert"]
[Black "Giorgadze, Giorgi"]
[Result "1/2-1/2"]
[WhiteElo "2295"]
[BlackElo "2515"]

1.Nf3 Nf6 2.c4 g6 3.Nc3 Bg7 4.e4 d6 5.d4 O-O 6.Be2 e5 7.dxe5 dxe5 8.Qxd8 Rxd8
9.Bg5 Re8 10.Nd5 Nxd5 11.cxd5 c6 12.Bc4 b5 13.Bb3 Bb7 14.O-O-O c5 15.Kb1 Nd7
16.Nd2 Bf8 17.Be3 Rec8 18.Rc1 c4 19.Bd1 Nc5 20.Be2 Na4 21.Bg4 Rcb8 22.Bd7 c3
23.bxc3 Bc8 24.Bc6 Bb7 25.Bd7 Bc8 26.Bc6 Bb7  1/2-1/2